<?xml version="1.0" encoding="UTF-8"?>
<record
    xmlns:xsi="http://www.w3.org/2001/XMLSchema-instance"
    xsi:schemaLocation="http://www.loc.gov/MARC21/slim http://www.loc.gov/standards/marcxml/schema/MARC21slim.xsd"
    xmlns="http://www.loc.gov/MARC21/slim">

  <leader>01316nam a22003257a 4500</leader>
  <controlfield tag="001">36381</controlfield>
  <controlfield tag="003">Ost</controlfield>
  <controlfield tag="005">20260507154556.0</controlfield>
  <controlfield tag="008">251113s9999||||xx |||||||||||||| ||eng||</controlfield>
  <datafield tag="020" ind1=" " ind2=" ">
    <subfield code="a">9788171380480</subfield>
  </datafield>
  <datafield tag="040" ind1=" " ind2=" ">
    <subfield code="c">nitttr</subfield>
  </datafield>
  <datafield tag="082" ind1=" " ind2=" ">
    <subfield code="a">491.435</subfield>
    <subfield code="b">B469S</subfield>
  </datafield>
  <datafield tag="100" ind1=" " ind2=" ">
    <subfield code="a">Bhatnagar, Rajendramohan - &#x92D;&#x91F;&#x928;&#x93E;&#x917;&#x930;, &#x930;&#x93E;&#x91C;&#x947;&#x902;&#x926;&#x94D;&#x930;&#x92E;&#x94B;&#x939;&#x928;</subfield>
  </datafield>
  <datafield tag="245" ind1=" " ind2="0">
    <subfield code="a">Samayik Hindi Vyakaran - &#x938;&#x93E;&#x92E;&#x92F;&#x93F;&#x915; &#x939;&#x93F;&#x902;&#x926;&#x940; &#x935;&#x94D;&#x92F;&#x93E;&#x915;&#x930;&#x923;</subfield>
  </datafield>
  <datafield tag="250" ind1=" " ind2=" ">
    <subfield code="a">1st Ed.</subfield>
  </datafield>
  <datafield tag="260" ind1=" " ind2=" ">
    <subfield code="a">New Delhi, India</subfield>
    <subfield code="b">Samayik Prakashan</subfield>
    <subfield code="c">2012</subfield>
  </datafield>
  <datafield tag="300" ind1=" " ind2=" ">
    <subfield code="a">208 p.</subfield>
  </datafield>
  <datafield tag="650" ind1=" " ind2=" ">
    <subfield code="a"> &#x92D;&#x93E;&#x937;&#x93E; &#x914;&#x930; &#x92A;&#x94D;&#x930;&#x92F;&#x94B;&#x917;</subfield>
  </datafield>
  <datafield tag="650" ind1=" " ind2=" ">
    <subfield code="a"> &#x92D;&#x93E;&#x937;&#x93E; &#x938;&#x902;&#x930;&#x91A;&#x928;&#x93E;</subfield>
  </datafield>
  <datafield tag="650" ind1=" " ind2=" ">
    <subfield code="a"> &#x935;&#x93E;&#x915;&#x94D;&#x92F; &#x930;&#x91A;&#x928;&#x93E; (Syntax)</subfield>
  </datafield>
  <datafield tag="650" ind1=" " ind2=" ">
    <subfield code="a"> &#x935;&#x93F;&#x936;&#x947;&#x937;&#x923; &#x915;&#x94D;&#x930;&#x93F;&#x92F;&#x93E; &#x914;&#x930; &#x915;&#x93E;&#x932;</subfield>
  </datafield>
  <datafield tag="650" ind1=" " ind2=" ">
    <subfield code="a"> &#x935;&#x94D;&#x92F;&#x93E;&#x915;&#x930;&#x923;&#x93F;&#x915; &#x928;&#x93F;&#x92F;&#x92E; &#x938;&#x902;&#x91C;&#x94D;&#x91E;&#x93E;</subfield>
  </datafield>
  <datafield tag="650" ind1=" " ind2=" ">
    <subfield code="a"> &#x936;&#x92C;&#x94D;&#x926; &#x928;&#x93F;&#x930;&#x94D;&#x92E;&#x93E;&#x923; (Morphology)</subfield>
  </datafield>
  <datafield tag="650" ind1=" " ind2=" ">
    <subfield code="a"> &#x936;&#x941;&#x926;&#x94D;&#x927; &#x92D;&#x93E;&#x937;&#x93E; &#x92A;&#x94D;&#x930;&#x92F;&#x94B;&#x917;</subfield>
  </datafield>
  <datafield tag="650" ind1=" " ind2=" ">
    <subfield code="a"> &#x938;&#x930;&#x94D;&#x935;&#x928;&#x93E;&#x92E;</subfield>
  </datafield>
  <datafield tag="650" ind1=" " ind2=" ">
    <subfield code="a"> &#x939;&#x93F;&#x902;&#x926;&#x940; &#x92D;&#x93E;&#x937;&#x93E; &#x905;&#x927;&#x94D;&#x92F;&#x92F;&#x928;</subfield>
  </datafield>
  <datafield tag="650" ind1=" " ind2=" ">
    <subfield code="a"> &#x939;&#x93F;&#x902;&#x926;&#x940; &#x932;&#x947;&#x916;&#x928; &#x915;&#x94C;&#x936;&#x932;</subfield>
  </datafield>
  <datafield tag="650" ind1=" " ind2=" ">
    <subfield code="a">&#x939;&#x93F;&#x902;&#x926;&#x940; &#x935;&#x94D;&#x92F;&#x93E;&#x915;&#x930;&#x923; (Hindi Grammar) &#x938;&#x93E;&#x92E;&#x92F;&#x93F;&#x915; &#x926;&#x943;&#x937;&#x94D;&#x91F;&#x93F;&#x915;&#x94B;&#x923; (Contemporary Approach)</subfield>
  </datafield>
  <datafield tag="942" ind1=" " ind2=" ">
    <subfield code="c">BK</subfield>
  </datafield>
  <datafield tag="999" ind1=" " ind2=" ">
    <subfield code="c">347</subfield>
    <subfield code="d">347</subfield>
  </datafield>
  <datafield tag="952" ind1=" " ind2=" ">
    <subfield code="0">0</subfield>
    <subfield code="1">0</subfield>
    <subfield code="4">0</subfield>
    <subfield code="7">0</subfield>
    <subfield code="a">NITTTR</subfield>
    <subfield code="b">NITTTR</subfield>
    <subfield code="d">2026-05-07</subfield>
    <subfield code="l">0</subfield>
    <subfield code="o">491.435 B469S</subfield>
    <subfield code="p">50312</subfield>
    <subfield code="r">2026-05-07 15:45:56</subfield>
    <subfield code="w">2026-05-07</subfield>
    <subfield code="y">BK</subfield>
  </datafield>
</record>
